Ley Nº 2569 de impuesto sobre sucesiones y ley Nº 985 sobre filiación de lso hijos naturales (Registro nro. 1636)

Detalles MARC
000 -LEADER
fixed length control field 00555nam a22001811a 4500
001 - CONTROL NUMBER
control field 1636
003 - CONTROL NUMBER IDENTIFIER
control field OSt
005 - DATE AND TIME OF LATEST TRANSACTION
control field 20260204211741.0
008 - FIXED-LENGTH DATA ELEMENTS--GENERAL INFORMATION
fixed length control field 040120s1997||||dr ||||||b||||||||||spa||
050 ## - LIBRARY OF CONGRESS CALL NUMBER
Classification number RD 336.276 R299l
082 ## - DEWEY DECIMAL CLASSIFICATION NUMBER
Classification number RD 336.276 R299l
111 ## - ASIENTO PRINCIPAL -- NOMBRE DE LA REUNIÓN
Meeting name or jurisdiction name as entry element República Dominicana.
245 ## - TÍTULO PROPIAMENTE DICHO: SUBTÍTULO
Title Ley Nº 2569 de impuesto sobre sucesiones y ley Nº 985 sobre filiación de lso hijos naturales
264 ## - PRODUCTION, PUBLICATION, DISTRIBUTION, MANUFACTURE, AND COPYRIGHT NOTICE
Place of production, publication, distribution, manufacture Santo Domingo : [s.n.]
300 ## - PHYSICAL DESCRIPTION
Extensión 44 p.
650 ## - ASIENTO SECUNDARIO DE MATERIA -- TERMINO TEMÁTICO
Termino Temático Como Elemento de Entrada 1.Ley 2569 2. Sucesiones-Impuesto-República Dominicana 3. Ley 985Ì
942 ## - ADDED ENTRY ELEMENTS (KOHA)
Source of classification or shelving scheme Dewey Decimal Classification
Koha item type Libros
Existencias
Withdrawn status Lost status Source of classification or shelving scheme Damaged status Not for loan Current library Date acquired Total Checkouts Full call number Barcode Date last seen Price effective from Koha item type
    Dewey Decimal Classification     Biblioteca UTECO 09/09/2019   RD 336.276 R299L 001705 09/09/2019 09/09/2019 Libros
    Dewey Decimal Classification Descartado para donación   Biblioteca UTECO 09/09/2019   RD 336.276 R299L 001706 09/09/2019 09/09/2019 Libros
    Dewey Decimal Classification     Biblioteca UTECO 09/09/2019   RD 336.276 R299L 001707 09/09/2019 09/09/2019 Libros
    Dewey Decimal Classification     Biblioteca UTECO 09/09/2019   RD 336.276 R299L 001708 09/09/2019 09/09/2019 Libros
    Dewey Decimal Classification     Biblioteca UTECO 09/09/2019   RD 336.276 R299L 001709 09/09/2019 09/09/2019 Libros
    Dewey Decimal Classification     Biblioteca UTECO 09/09/2019   RD 336.276 R299L 001710 09/09/2019 09/09/2019 Libros
© 2021 Derechos Reservados UTECO - Teléfono: +1 809-585-2291 - Correo electrónico: biblioteca@uteco.edu.do​  
Código postal 43000 ​​
Dirección: Avenida Universitaria No. 100, 
Cotuí, Provincia Sánchez Ramírez, República Dominicana - RNC: 404-00059-6